Władcy Imperium Osmańskiego - Statystyki

Ogólne statystyki
  • Ten quiz został rozwiązany 50 razy
  • Średni wynik to 17 z 39
Statystyki odpowiedzi
Lata Panowania Sułtan % Poprawnych
1520-1566 Sulejman I Wspaniały
86%
1413-1421 Mehmed I
83%
1444-1446 Mehmed II Zdobywca
79%
1451-1481 Mehmed II Zdobywca
79%
1687-1691 Sulejman II
69%
1595-1603 Mehmed III
66%
1299-1324 Osman I
62%
1909-1918 Mehmed V
59%
1618-1622 Osman II
59%
1754-1757 Osman III
59%
1648-1687 Mehmed IV
55%
1603-1617 Ahmed I
48%
1512-1520 Selim I Groźny
48%
1566-1574 Selim II Pijak
48%
1691-1695 Ahmed II
45%
1918-1922 Mehmed VI
45%
1360-1389 Murad I
45%
1421-1444 Murad II
41%
1446-1451 Murad II
41%
1695-1703 Mustafa II
41%
1617-1618 Mustafa I Szalony
41%
1622-1623 Mustafa I Szalony
41%
1324-1360 Orhan
41%
1703-1730 Ahmed III
38%
1640-1648 Ibrahim I
38%
1574-1595 Murad III
38%
1757-1774 Mustafa III
38%
1876 Murad V
34%
1807-1808 Mustafa IV
34%
1789-1807 Selim III
34%
1389-1402 Bajazyd I Błyskawica
31%
1481-1512 Bajazyd II
31%
1623-1640 Murad IV
28%
1730-1754 Mahmud I
21%
1808-1839 Mahmud II
21%
1774-1789 Abdulhamid I
17%
1876-1909 Abdulhamid II
17%
1861-1876 Abdulaziz
14%
1839-1861 Abdulmecid I
14%
Nie znaleziono quizów pasujących do podanych kryteriów
Rozkład punktacji
Procent ludzi z każdym wynikiem
Percentyl według liczby udzielonych odpowiedzi
Twoja historia wyników
Nie rozwiązałeś tego quizu